Intermediate Accounting / Revised Sixth Edition (Record no. 651)
[ view plain ]
| 000 -LEADER | |
|---|---|
| fixed length control field | 01380cam a22002054a 4500 |
| 005 - ΗΜΕΡΟΜΗΝΙΑ ΚΑΙ ΩΡΑ ΤΕΛΕΥΤΑΙΑΣ ΕΝΗΜΕΡΩΣΗΣ | |
| Πεδίο ελέγχου | 20250605163941.0 |
| 008 - FIXED-LENGTH DATA ELEMENTS--GENERAL INFORMATION | |
| Πεδίο ελέγχου σταθερού μήκους | 250528s ||||||||||||||||||||||||d |
| 035 ## - SYSTEM CONTROL NUMBER | |
| System control number | 15049 |
| 020 ## - ISBN | |
| ISBN | 7100226 |
| 040 ## - ΠΗΓΗ ΚΑΤΑΛΟΓΟΓΡΑΦΗΣΗΣ | |
| Φορέας πρωτότυπης καταλογογράφησης | MC Athens Campus Library |
| Γλώσσα καταλογογράφησης | Ελληνικά, Μοντέρνα (1453-) |
| Modifying agency | MC Athens Campus Library |
| Κανόνες περιγραφικής καταλογογράφησης | AACR2 |
| 245 1# - ΤΙΤΛΟΣ ΚΑΙ ΔΗΛΩΣΗ ΥΠΕΥΘΥΝΟΤΗΤΑΣ | |
| Τίτλος | Intermediate Accounting / Revised Sixth Edition |
| 250 ## - EDITION STATEMENT | |
| Edition statement | 6th |
| 260 ## - PUBLICATION, DISTRIBUTION, ETC. | |
| Name of publisher, distributor, etc. | Mcgraw Hill Book Company, |
| Date of publication, distribution, etc. | 1989 |
| 300 ## - PHYSICAL DESCRIPTION | |
| Extent | 1368 |
| 520 ## - SUMMARY, ETC. | |
| Summary, etc. | Preface, Basic Concepts and Financial Statements, Accounting Principles and Professional Practice, Information Processing and the Accounting Cycle, Revenue and Expense Recognition: Income Measurement and Reporting, Financial Statements and Additional Disclosures, Working Capital, Cash and Short-Term Investments, Receivables, Inventoris: Cost and Cost Flow Assumptions, Inventories: Special Valuation Methods, Current Liabilities and Contingencies, Long-Term Assets and Liabilities, Plant Assets: Depreciation and Depletion, Long-Term Investments, Long-Term Debt, Stockholders' Equity, Treasyry Stock and Earnings Per Share, More Complex Accounting Topics, Accounti9ng for Income Taxes, Analytical Procedures and Statements, Statement of Cash Flows, Analysis of Financial Statements, Accounting for the Effects of Changing Prices, Appendix: Monetary and Nonmonetary Items, Index. |
| 700 1# - ΠΡΟΣΘΕΤΗ ΑΝΑΓΡΑΦΗ--ΦΥΣΙΚΟ ΠΡΟΣΩΠΟ | |
| Personal name | Mosich A.N |
| 9 (RLIN) | 884 |
| 942 ## - ADDED ENTRY ELEMENTS (KOHA) | |
| Koha item type | Books |
| Τύπος τεκμηρίου | Βιβλιοθήκη | Τρέχουσα τοποθεσία | Barcode | Αριθμός εισαγωγής | Ημερομηνία απόκτησης | Ταξιθετικό σύμβολο | Αριθμός αντιτύπου | Κατάσταση απόσυρσης | Κατάσταση χαμένου | Κατάσταση κατεστραμμένου | Μη δανεισμός | Σύνολο δανεισμών | Ημερομηνία τελευταίας εμφάνισης | Η τιμή ισχύει από |
|---|---|---|---|---|---|---|---|---|---|---|---|---|---|---|
| Books | MC Athens Campus Library | MC Athens Campus Library | 9780000006509 | 1276 | 05/06/2025 | REF 657/.044 MOS | 2 | 05/06/2025 | 05/06/2025 |